<?xml version="1.0" encoding="UTF-8"?><?xml-stylesheet type="text/xsl" href="static/style.xsl"?><OAI-PMH xmlns="http://www.openarchives.org/OAI/2.0/" xmlns:xsi="http://www.w3.org/2001/XMLSchema-instance" xsi:schemaLocation="http://www.openarchives.org/OAI/2.0/ http://www.openarchives.org/OAI/2.0/OAI-PMH.xsd"><responseDate>2026-06-02T02:17:09Z</responseDate><request verb="GetRecord" identifier="oai:riuma.uma.es:10630/37133" metadataPrefix="marc">https://riuma.uma.es/rest/oai/request</request><GetRecord><record><header><identifier>oai:riuma.uma.es:10630/37133</identifier><datestamp>2026-02-03T11:11:24Z</datestamp><setSpec>com_10630_2254</setSpec><setSpec>col_10630_37953</setSpec></header><metadata><record xmlns="http://www.loc.gov/MARC21/slim" xmlns:dcterms="http://purl.org/dc/terms/" xmlns:doc="http://www.lyncode.com/xoai" xmlns:xsi="http://www.w3.org/2001/XMLSchema-instance" xsi:schemaLocation="http://www.loc.gov/MARC21/slim http://www.loc.gov/standards/marcxml/schema/MARC21slim.xsd">
   <leader>00925njm 22002777a 4500</leader>
   <datafield ind2=" " ind1=" " tag="042">
      <subfield code="a">dc</subfield>
   </datafield>
   <datafield ind2=" " ind1=" " tag="720">
      <subfield code="a">González-Infantes, Wilfredo</subfield>
      <subfield code="e">author</subfield>
   </datafield>
   <datafield ind2=" " ind1=" " tag="720">
      <subfield code="a">Anguiano, Marta</subfield>
      <subfield code="e">author</subfield>
   </datafield>
   <datafield ind2=" " ind1=" " tag="720">
      <subfield code="a">Lallena, Antonio</subfield>
      <subfield code="e">author</subfield>
   </datafield>
   <datafield ind2=" " ind1=" " tag="260">
      <subfield code="c">2017-11-17</subfield>
   </datafield>
   <datafield ind2=" " ind1=" " tag="520">
      <subfield code="a">A virtual source model recently developed for external radiotherapy,&#xd;
which includes two photon sources and two electron sources, is tested for stereotactic&#xd;
radiosurgery with a dynamic micro-multileaf collimator. A 6 MV Elekta Precise&#xd;
linac that incorporates a 3Dline L’Arancio dynamic micro-multileaf collimator was&#xd;
considered. The capabilities of the virtual source model have been tested against&#xd;
full simulations performed with the Monte Carlo simulation code PENELOPE using&#xd;
both PENELOPE itself and the rapid Monte Carlo code DPM. The reference&#xd;
10 cm × 10 cm radiation field as well as small fields of 1.2 cm × 1.2 cm, 2.9 cm × 2.9 cm&#xd;
and 5.8 cm×5.8 cm were considered. The dynamic micro-multileaf collimator effect can&#xd;
be included in the virtual source model by reducing the width of the photon primary&#xd;
source by a factor 3. In all cases the virtual source model simulations were in very&#xd;
good agreement with the complete ones including the linac and collimator geometries.</subfield>
   </datafield>
   <datafield ind1="8" ind2=" " tag="024">
      <subfield code="a">W González et al 2017 Biomed. Phys. Eng. Express 3 065008</subfield>
   </datafield>
   <datafield ind1="8" ind2=" " tag="024">
      <subfield code="a">https://hdl.handle.net/10630/37133</subfield>
   </datafield>
   <datafield ind1="8" ind2=" " tag="024">
      <subfield code="a">10.1088/2057-1976/aa84ca</subfield>
   </datafield>
   <datafield tag="653" ind2=" " ind1=" ">
      <subfield code="a">Óptica</subfield>
   </datafield>
   <datafield tag="653" ind2=" " ind1=" ">
      <subfield code="a">Estereoencefalotomía</subfield>
   </datafield>
   <datafield ind2="0" ind1="0" tag="245">
      <subfield code="a">Performance of a virtual source model for stereotactic radiosurgery with a dynamic micro-multileaf collimator.</subfield>
   </datafield>
</record>
</metadata></record></GetRecord></OAI-PMH>